Top 100 Baby Girl Names (2018) - Statistics

General Stats
  • This quiz has been taken 651 times
  • The average score is 49 of 100
Answer Stats
Hint Answer % Correct
2 O Olivia
97%
1 E Emma
96%
4 I Isabella
89%
3 A Ava
88%
10 E Emily
88%
15 S Sofia
87%
5 S Sophia
87%
65 A Anna
84%
6 M Mia
82%
8 C Charlotte
81%
18 E Elizabeth
80%
14 V Victoria
80%
42 Z Zoe
79%
7 A Amelia
78%
21 E Ella
78%
30 L Lily
77%
26 G Grace
76%
12 E Evelyn
75%
43 H Hannah
75%
64 S Sarah
75%
22 C Chloe
74%
9 A Abigail
73%
68 E Eva
71%
93 S Sophie
71%
13 M Madison
70%
11 H Harper
69%
51 A Alexa
64%
17 A Aria
62%
45 S Samantha
62%
44 V Violet
62%
37 E Ellie
61%
76 L Lucy
61%
28 L Lillian
60%
86 A Alice
59%
97 M Maria
59%
24 P Penelope
59%
38 L Leah
55%
20 L Layla
53%
36 N Natalie
53%
83 I Isabelle
52%
46 N Nora
52%
70 A Arianna
51%
16 S Scarlett
51%
53 A Allison
50%
32 B Bella
50%
62 E Eleanor
49%
63 M Maya
49%
39 A Audrey
48%
79 W Willow
48%
23 Z Zoey
48%
94 J Julia
47%
27 M Mila
47%
67 C Claire
46%
50 H Hailey
46%
56 S Stella
45%
58 C Caroline
44%
49 G Gabriella
44%
35 L Luna
44%
89 A Alyssa
43%
33 B Brooklyn
43%
34 S Savannah
43%
29 A Aaliyah
40%
40 A Ariana
40%
54 H Hazel
39%
73 S Sadie
38%
96 R Ruby
37%
87 F Faith
36%
78 N Naomi
36%
95 B Brianna
35%
66 G Gianna
35%
100 L Lydia
35%
31 P Paisley
35%
19 C Camila
34%
98 J Jasmine
34%
80 K Kylie
34%
71 A Autumn
32%
92 N Natalia
31%
59 E Elena
30%
60 K Kaylee
29%
82 J Jade
28%
55 M Melanie
27%
47 N Nevaeh
27%
99 A Ariel
26%
84 P Piper
25%
25 S Skylar
24%
52 A Adeline
23%
77 D Delilah
23%
72 E Emilia
23%
85 E Everly
23%
75 E Eliana
22%
69 L Liliana
22%
74 V Valentina
20%
61 M Madelyn
17%
48 S Serenity
16%
81 A Athena
10%
57 A Aubree
10%
91 L Leilani
5%
90 A Adalynn
4%
88 R RaeLynn
2%
41 A Aurura
0%
No matching quizzes found
Score Distribution
Percent of People with Each Score
Percentile by Number Answered
Your Score History
You have not taken this quiz